| 000 | 00435nam a22001457a 4500 | ||
|---|---|---|---|
| 082 |
_a672 _bARM _cL-32, P-66 |
||
| 100 |
_aTaylor, Stewart _945101 |
||
| 245 |
_aMetal work _bThe E.H.A series of handbook school arts & crafts/ |
||
| 250 | _a5th ed. | ||
| 260 |
_aLondon: _bOxford University Press, _cc1943 |
||
| 300 |
_aviii, 272 p.; _bill,: _c18cm |
||
| 526 |
_a0 _b0 _c0 _d672_000000000000000_ARM |
||
| 650 |
_aMCE _9379 |
||
| 942 |
_2ddc _cBK |
||
| 999 |
_c548699 _d548699 |
||